00889nam a2200265Ia 4500001000600000003000900006008004100015040001300056040001300069041001300082100002300095100002900118245002100147245002100168250001100189260001200200260001300212260004900225300004300274500020300317650002800520650003100548700001600579700002800595 5426IT-RoPAU130308s9999 xx 000 0 und d aIT-RoPAU cIT-RoPAU aITALIANO aRossellini Roberto gCodice Aut. SPICS: 1870 aEra notte a Roma bEra Notte a Roma a1a ed. aBOLOGNA bCappelli c1960 [1° Ed.:1960 - Ed.Ling.Originale:1960] a"212 p. (prefazione: no ; testo: 212)" aSceneggiatura del Film di Rossellini dal Soggetto al Film un inglese un Russo un Americano nella Roma del mercato Nero e Dello Sbarco di Anzio Rivoluzione Tecnica del Pancinor ritratto di Rossellini aAUTORI/OPERE DEL CINEMA eCodice materia Spics: 6807 aRenzi Renzo gCodice Aut. SPICS: 2113